Modern Macroeconomics <A> Post-Keynesian Perspective
Salvato in:
| Autore principale: | |
|---|---|
| Natura: | Libro |
| Lingua: | inglese |
| Pubblicazione: |
London
Routledge
1989
|
| Edizione: | 1. ed. |
| Tags: |
Nessun Tag, puoi essere il primo ad aggiungerne!!
|
MARC
| LEADER | 00000nam a2200000 4500 | ||
|---|---|---|---|
| 001 | c027835 | ||
| 005 | 20250512093813.7 | ||
| 041 | 0 | |a eng | |
| 044 | |a GB | ||
| 245 | 1 | 0 | |a Modern Macroeconomics |b <A> Post-Keynesian Perspective |c Stanley Bober |
| 250 | |a 1. ed. | ||
| 264 | 1 | |a London |b Routledge |c 1989 | |
| 300 | |a 278 s. | ||
| 100 | 1 | |a Bober, Stanley | |